Most listened 5th gen girl groups songs - Statistics

General Stats
  • This quiz has been taken 23 times
  • The average score is 18 of 28
Answer Stats
Streams (in millions) Group Answer % Correct
741 ILLIT Magnetic
100%
101 ILLIT Do the Dance
93%
85 MEOVV Hands Up
93%
83 ILLIT jellyous
93%
371 BABYMONSTER SHEESH
93%
91 Hearts2Hearts The Chase
87%
148 ILLIT Tick-Tack
87%
244 BABYMONSTER DRIP
80%
244 BABYMONSTER BATTER UP
73%
146 ILLIT Lucky Girl Syndrome
73%
156 KISS OF LIFE Midas Touch
73%
77 ILLIT NOT CUTE ANYMORE
73%
55 BABYMONSTER WE GO UP
73%
52 BABYMONSTER Hot Sauce
67%
101 MEOVV Meow
67%
75 Hearts2Hearts STYLE
67%
156 ILLIT Cherish (My Love)
60%
217 KISS OF LIFE Igloo
60%
169 KISS OF LIFE Sticky
60%
195 BABYMONSTER FOREVER
53%
186 BABYMONSTER LIKE THAT
47%
73 ILLIT Midnight Fiction
47%
51 TripleS Girls Never Die
40%
70 BABYMONSTER Billionaire
33%
53 TripleS Generation
27%
83 KISS OF LIFE Nobody Knows
20%
89 KISS OF LIFE Shhh
20%
68 BABYMONSTER CLIK CLAK
13%
No matching quizzes found
Score Distribution
Percent of People with Each Score
Percentile by Number Answered
Your Score History
You have not taken this quiz